Cicavce Spoznajte fascinujúci svet cicavcov - ich vývoj, telesnú stavbu a taje ich života

Bibliographic Details
Main Author: Parker, Steve, 1952- (Author)
Corporate Author: Najkrajšie a najlepšie detské knihy jari, leta, jesene a zimy na Slovensku (Najkrajšia detská kniha leta)
Other Authors: Somogyi, Jozef (Translator)
Format: Conference Proceeding Book
Language:Slovak
PhysicalDescription:64 s., 16,19 AH Fot. 29 cm
Published: Bratislava Tatran 1991
ISBN:8022203009
Edition:1. vyd.
Series:Vidieť - poznať - vedieť Zv. 1.

MARC

LEADER 00000nam a2200000 a 4500
001 vtls001066266
003 SK-MaSNL
005 20260301061904.0
008 250414s1991 xo 0 slo
015 |a SNBA1991/12 
020 |a 8022203009 
035 |a SNK000009096 
040 |a SNK  |b slo  |c SNK  |e AACR2 
041 0 |a slo 
044 |a xo  |c SK 
080 |a 599(0.062)(087.5)  |2 1981 
100 1 |a Parker, Steve,  |d 1952-  |4 aut  |9 116972 
245 1 0 |a Cicavce  |b Spoznajte fascinujúci svet cicavcov - ich vývoj, telesnú stavbu a taje ich života  |c Steve Parker ; Jozef Somogyi, Jane Burton, Kim Taylor, Dave King, Colin Keates 
250 |a 1. vyd. 
260 |a Bratislava  |b Tatran  |c 1991  |e Martin  |f Neografia 
300 |a 64 s., 16,19 AH  |b Fot.  |c 29 cm 
490 0 |a Vidieť - poznať - vedieť  |v Zv. 1. 
500 |a Ilustr. na tit. liste, front. a predsádkach. Reg. 
700 1 |a Somogyi, Jozef  |4 trl  |9 300710 
700 1 |a Burton, Jane,  |d 1933-2007  |4 bkd  |9 248125 
700 1 |a Taylor, Kim,  |d 1933-  |4 bkd  |9 60738 
700 1 |a King, Dave  |4 bkd  |9 44796 
700 1 |a Keates, Colin  |4 bkd  |9 347646 
711 2 |a Najkrajšie a najlepšie detské knihy jari, leta, jesene a zimy na Slovensku  |n (2. :  |d 1991  |c Bratislava, Slovensko).  |e Najkrajšia detská kniha leta  |9 375608 
852 |a Slovenská národná knižnica 
919 |a 80-222-0300-9 
954 |a cicavce 
958 |a DB 
958 |a TL 
958 |a OP 
958 |a OND 
999 |c 618656  |d 620586 
952 |a SNK  |b SNK  |y PREZ  |7 0  |p 17A0853302  |o snkSB 48679  |0 0  |1 0  |4 0  |d 2012-07-10  |l 0  |r 2026-02-23 16:46:38  |w 2026-02-23 
952 |t snkPAR 599  |a SNKUST  |b SNKUST  |y PREZ  |7 0  |p 17A0102336  |o snkSB 48679 D1  |i snkKSP 8265/91  |0 0  |1 0  |4 0  |d 1997-10-14  |l 0  |r 2025-03-19 00:00:00  |w 2026-02-23